Integrals and Series
Αποθηκεύτηκε σε:
| Κύριος συγγραφέας: | |
|---|---|
| Άλλοι συγγραφείς: | , |
| Μορφή: | Βιβλίο |
| Γλώσσα: | English Russian |
| Δημοσίευση: |
New York :
Gordon and Breach Science Publishers,
c1986-c1992
|
| Θέματα: | |
| Ετικέτες: |
Προσθήκη ετικέτας
Δεν υπάρχουν, Καταχωρήστε ετικέτα πρώτοι!
|
MARC
| LEADER | 00000nam a2200000 i 4500 | ||
|---|---|---|---|
| 001 | 1/57531 | ||
| 008 | 941103m19861992 eng d | ||
| 020 | |a 2-88124-097-6 | ||
| 020 | |a 2-88124-838-1 | ||
| 020 | |a 2-88124-837-3 | ||
| 020 | |a 2-88124-682-6 | ||
| 020 | |a 2-88124-089-5 | ||
| 020 | |a 2-88124-090-9 | ||
| 035 | |a 1994 |c ΤΡΥΨΙΑΝΝΗΣ |l 10045754 | ||
| 040 | |a GR-MY-UA |b gre |e aacr | ||
| 041 | 1 | |a eng |h rus | |
| 082 | 0 | |a 515.43 |2 (19) | |
| 100 | 1 | |a Prudnikov, A. P. |q (Anatolii Platonovich) | |
| 245 | 1 | 0 | |a Integrals and Series / |c A.P. Prudnikov, Yu. A. Brychkov, O.I. Marichev ; translated from the Russian by N.M. Queen |
| 260 | |a New York : |b Gordon and Breach Science Publishers, |c c1986-c1992 | ||
| 300 | |a 5 vols; |c 23 cm. | ||
| 500 | |a Translation of: Integraly i riady | ||
| 504 | |a Includes bibliographies and indexes | ||
| 505 | 0 | |a v. 1. Elementary functions -- v. 2. Special functions -- v. 3. More special functions -- v. 4. Direct Laplace transforms -- v. 5. Inverse Laplace transforms | |
| 650 | 0 | 0 | |a Integrals. |
| 650 | 0 | 0 | |a Series. |
| 650 | 0 | 0 | |a Functions. |
| 650 | 0 | 0 | |a Functions, Special. |
| 650 | 0 | 0 | |a Laplace transformation. |
| 700 | 1 | |a Brychkov, IU. A. |q (Urii Aleksandrovich) | |
| 700 | 1 | |a Marichev, O. I. |q (Oleg Igorevich) | |
| 740 | 0 | 2 | |a Elementary Functions |
| 740 | 0 | 2 | |a Special Functions |
| 740 | 0 | 2 | |a More Special Functions |
| 740 | 0 | 2 | |a Direct Laplace Transforms |
| 740 | 0 | 2 | |a Inverse Laplace Transforms |
| 852 | |a INST |b SAMOS |e 19941103 |h 515.43 PRU |p 005300003770 |q 005300003770 |t BK |y 0 |z v.5 | ||
| 852 | |a INST |b SAMOS |e 19941103 |h 515.43 PRU |p 005300003771 |q 005300003771 |t BK |y 0 |z v.4 | ||
| 852 | |a INST |b SAMOS |e 19941103 |h 515.43 PRU |p 005300004295 |q 005300004295 |t BK |y 4 |x 20200312 |z v.3 | ||
| 852 | |a INST |b SAMOS |e 19941103 |h 515.43 PRU |p 005300004297 |q 005300004297 |t BK |y 0 |z v.2 | ||
| 852 | |a INST |b SAMOS |e 19941103 |h 515.43 PRU |p 005300004298 |q 005300004298 |t BK |y 0 |z v.1 | ||
| 852 | |a INST |b SAMOS |e 19941103 |h 515.43 PRU |p 005300003770 |q 005300003770 |t BK |v v.5: |y 0 |z v.5 | ||
| 852 | |a INST |b SAMOS |e 19941103 |h 515.43 PRU |p 005300003771 |q 005300003771 |t BK |v v.4: |y 0 |z v.4 | ||
| 852 | |a INST |b SAMOS |e 19941103 |h 515.43 PRU |p 005300004295 |q 005300004295 |t BK |v v.3: |y 4 |x 20200312 |z v.3 | ||
| 852 | |a INST |b SAMOS |e 19941103 |h 515.43 PRU |p 005300004297 |q 005300004297 |t BK |v v.2: |y 0 |z v.2 | ||
| 852 | |a INST |b SAMOS |e 19941103 |h 515.43 PRU |p 005300004298 |q 005300004298 |t BK |v v.1: |y 0 |z v.1 | ||
| 853 | |a INST |b SAMOS |h 515.43 PRU | ||
| 909 | |a Σ |b 034525 | ||
| 909 | |a Σ |b 034528 | ||
| 909 | |a Σ |b 034527 | ||
| 909 | |a Σ |b 034526 | ||
| 909 | |a Σ |b 034524 | ||